| 000 | 00654 a2200193 4500 | ||
|---|---|---|---|
| 010 | _aENG-89730 | ||
| 020 |
_c695.00 _a9780761936268 |
||
| 035 | _aEN-73263 | ||
| 037 | _bDBAD / PUB | ||
| 082 | 1 | 4 | _a332.0954 |
| 090 |
_c11577 _d11577 |
||
| 245 | 1 |
_aMicrofinance in India/ _cedited by K.G. Karmakar |
|
| 260 |
_aNew Delhi _bSage Publications _c2008 |
||
| 270 |
_aB1/11, Mohan Cooperative Industrial Area, Mathura Road _bNew Delhi _e110 044 |
||
| 300 |
_a489p. _c23 cm (Hb) |
||
| 500 | _aIncludes index. | ||
| 942 |
_adpl _cEN _k 332.0954/ MIC |
||
| 999 |
_c11261 _d11261 |
||